<?xml version="1.0" encoding="UTF-8"?>
<marc:record xmlns:marc="http://www.loc.gov/MARC21/slim">
   <marc:leader>00000nam a2200000 a 4500</marc:leader>
   <marc:datafield ind1="1" ind2=" " tag="100">
      <marc:subfield code="a">Strauß, Andrea</marc:subfield>
      <marc:subfield code="4">aut</marc:subfield>
      <marc:subfield code="e">Verfasser/-in</marc:subfield>
   </marc:datafield>
   <marc:datafield ind1="1" ind2=" " tag="100">
      <marc:subfield code="a">Strauß, Andreas</marc:subfield>
      <marc:subfield code="4">aut</marc:subfield>
      <marc:subfield code="e">Verfasser/-in</marc:subfield>
   </marc:datafield>
   <marc:datafield ind1=" " ind2=" " tag="653">
      <marc:subfield code="a">Rodelsport</marc:subfield>
   </marc:datafield>
   <marc:datafield ind1=" " ind2=" " tag="653">
      <marc:subfield code="a">Softcover</marc:subfield>
   </marc:datafield>
   <marc:datafield ind1=" " ind2=" " tag="653">
      <marc:subfield code="a">Karte</marc:subfield>
   </marc:datafield>
   <marc:datafield ind1=" " ind2=" " tag="653">
      <marc:subfield code="a">Führer</marc:subfield>
   </marc:datafield>
   <marc:datafield ind1="0" ind2="0" tag="245">
      <marc:subfield code="a">Salzburger Land</marc:subfield>
   </marc:datafield>
   <marc:datafield ind1="0" ind2="0" tag="245">
      <marc:subfield code="b">die schönsten Rodeltouren ; mit Berchtesgaden und Salzkammergut</marc:subfield>
   </marc:datafield>
   <marc:datafield ind1="0" ind2="0" tag="245">
      <marc:subfield code="c">Andrea und Andreas Strauß</marc:subfield>
   </marc:datafield>
   <marc:datafield ind1=" " ind2="1" tag="264">
      <marc:subfield code="a">Innsbruck</marc:subfield>
      <marc:subfield code="b">Tyrolia-Verl.</marc:subfield>
      <marc:subfield code="c">2005</marc:subfield>
   </marc:datafield>
   <marc:datafield ind1="1" ind2=" " tag="490">
      <marc:subfield code="a">Erlebnis Berge!</marc:subfield>
   </marc:datafield>
   <marc:datafield ind1="1" ind2=" " tag="520">
      <marc:subfield code="a">Angaben aus der Verlagsmeldung

Erlebnis Berge! Salzburger Land - Die schönsten Rodeltouren : Mit Berchtesgaden und Salzkammergut / von Andrea Strauss, Andreas Strauss

Rodeln – der wieder entdeckte Winterspaß für Groß und Klein!

Rodeln ist längst kein Kinderkram mehr. Jung und Alt erfreuen sich an verschneiter Landschaft, gemütlicher Einkehr und am stiebenden Pulverschnee bei der Abfahrt. Ob im Kreis der Familie oder mit Freunden, ob bei Sonnenschein, Vollmond oder auf der Flutlichtbahn – Rodeln macht Spaß!
Andrea und Andreas Strauß beschreiben in diesem Buch 55 Rodeltouren im Salzburger Land, viele weitere sind aufgeführt. Von der kurzen Schlittenbahn für die Kleinen bis zur sportlichen Rodelpartie für den Fortgeschrittenen ist alles geboten. Abwechslungsreichtum, gute Erreichbarkeit und landschaftliche Schönheit sind für die Auswahl grundlegend.
Zahlreiche Bilder machen Lust auf den nächsten Winter, hoffentlich mit unzähligen tollen Rodeltouren zwischen Salzburg, Radstadt und Neukirchen.

- Abwechslungsreiche Tourenauswahl
- Praktische Kurzinformationen zu Länge, Zeitaufwand, Schwierigkeit
- Kartenskizzen und gut verständliche Wegbeschreibungen
- aktuelle Rufnummern erleichtern die Planung
- Kompetente Tipps zu Ausrüstung, Aufstieg und Fahrtechnik
- Klasse Bilder
</marc:subfield>
   </marc:datafield>
   <marc:datafield ind1=" " ind2=" " tag="020">
      <marc:subfield code="a">9783702226992</marc:subfield>
      <marc:subfield code="9">9783702226992</marc:subfield>
   </marc:datafield>
   <marc:datafield ind1=" " ind2=" " tag="020">
      <marc:subfield code="a">3702226990</marc:subfield>
      <marc:subfield code="9">3702226990</marc:subfield>
   </marc:datafield>
   <marc:datafield ind1=" " ind2=" " tag="041">
      <marc:subfield code="a">ger</marc:subfield>
   </marc:datafield>
   <marc:datafield ind1=" " ind2=" " tag="300">
      <marc:subfield code="a">127 S.</marc:subfield>
   </marc:datafield>
</marc:record>
